000 nam a22 7a 4500
999 _c8693
_d8693
008 180119b ||||| |||| 00| 0 eng d
100 _aChaturvedi.R.
_95052
245 _aWork Book History
260 _aNew Delhi
_bArya Publications
_c2009